| 000 | 00392nam a22001457a 4500 | ||
|---|---|---|---|
| 003 | OSt | ||
| 008 | 210913b ||||| |||| 00| 0 eng d | ||
| 020 | _a9789383305124 | ||
| 082 |
_a346.54048 _bPAT/IN |
||
| 100 |
_aPathak ,manju _95070 |
||
| 245 | _aAn Introduction to Intellectual Property Rights | ||
| 260 |
_aNew Delhi _bNew IndiaPublishing Agency _c2014 |
||
| 300 | _a85 pages | ||
| 942 | _cBK | ||
| 999 |
_c17413 _d17413 |
||